000 00274nam a2200097Ia 4500
001 1103499
005 20250827003341.0
008 250824s9999 xx 000 0 und d
245 0 _aFATİH SULTAN MEHMET VE İSTANBUL UN FETHİ
_cYAVUZ BAHADIROĞLU
260 _bPANAMA YAYINLARI
999 _c1103499
_d1103499